000
00302nam a22001337a 4500
008
181218b xxu||||| |||| 00| 0 eng d
020
_a
0721682588
041
_a
eng
080
_a
616.8
100
_a
7
101
_a
DER
245
_a
Advanced Dermatologic Therapy II
_c
Shelley, W.B
942
_2
udc
_c
BK
999
_c
53400
_d
53400